000
00210nam a2200097Ia 4500
005
20251222114344.0
008
251222s1900||||xx |||||||||||||| ||spa||
082
_a
DVD0140/W79
245
0
_a
Contra cara:
942
_c
DVD
999
_c
991
_d
991